Swiss Airports - ICAO Codes - Statistics

General Stats
  • This quiz has been taken 25 times
  • The average score is 19 of 60
Answer Stats
Name Type Answer % Correct
Zürich Kloten National LSZH
78%
Bern-Belp National LSZB
67%
Bale Mulhouse Euro Airport National LFSB
56%
Geneve Cointrin National LSGG
56%
Lausanne-La Blecherette National LSGL
56%
Sion Regional LSGS
56%
Alpnach Military LSMA
56%
Payerne Military LSMP
56%
Lugano Agno National LSZA
56%
St. Gallen-Altenrhein National LSZR
56%
Saanen/Gstaad Regional LSGK
44%
Neuchatel Regional LSGN
44%
Yverdon-les-Bains Airfield LSGY
44%
Emmen Military LSME
44%
Buochs Regional LSZC
44%
Bad Ragaz Airfield LSZE
44%
Locarno Airfield LSZL
44%
Bex Airfield LSGB
33%
Dübendorf Military LSMD
33%
Meiringen Military LSMM
33%
Locarno (MIL) Military LSMO
33%
Amlikon Airfield LSPA
33%
Ambri Airfield LSPM
33%
Birrfeld Regional LSZF
33%
Grenchen Regional LSZG
33%
Luzern-Beromünster Airfield LSZO
33%
Biel-Kappelen Airfield LSZP
33%
Engadin Airport Samedan National LSZS
33%
Les Eplatures Regional LSGC
22%
Ecuvillens Airfield LSGE
22%
La Cote Airfield LSGP
22%
Reichenbach Airfield LSGR
22%
Gruyeres Airfield LSGT
22%
Dittingen Airfield LSPD
22%
Schaffhausen Airfield LSPF
22%
Kägiswil Airfield LSPG
22%
Langenthal Airfield LSPL
22%
Olten Airfield LSPO
22%
Wangen-Lachen Airfield LSPV
22%
Bellechasse Airfield LSTB
22%
Montricher Airfield LSTR
22%
St. Stephan Airfield LSTS
22%
Fricktal-Schupfart Airfield LSZI
22%
Courtelary Airfield LSZJ
22%
Speck-Fehraltdorf Airfield LSZK
22%
Hausen am Albis Airfield LSZN
22%
Bressaucourt Regional LSZQ
22%
Lommis Airfield LSZT
22%
Buttwil Airfield LSZU
22%
Sitterdorf Airfield LSZV
22%
Thun Airfield LSZW
22%
Schänis Airfield LSZX
22%
Lodrino Military LSML
11%
Winterthur Airfield LSPH
11%
Triengen Airfield LSPN
11%
Münster Airfield LSPU
11%
Lachen Water LSPW
11%
Raron Airfield LSTA
11%
Motiers Airfield LSTO
11%
Zweisimmen Airfield LSTZ
11%
No matching quizzes found
Score Distribution
Percent of People with Each Score
Percentile by Number Answered
Your Score History
You have not taken this quiz